Altes Ägypten Trivia - Statistiken

Allgemein
  • Dieses Quiz wurde 100 mal gespielt
  • Das Durchschnittsergebnis liegt bei 8 aus 10
Antwortstatistiken
Hint Antwort % Korrekt
Wie nannten die Ägypter ihre Könige Pharao
100%
Einbalsamierter und konservierter Körper Mumie
92%
Die letzte Pharaonin Kleopatra
87%
Schreibmaterial der alten Ägypter Papyrus
85%
In welcher Stadt stehen die berühmtesten Pyramiden? Gizeh
84%
Name der Skulptur, die diese Pyramiden bewacht Sphinx
84%
Name der Schriftzeichen der alten Ägypter Hieroglyphen
67%
Steinerner Sarg Sarkophag
60%
Hauptstadt des alten Ägyptens Memphis; Theben
57%
Gott der Unterwelt Osiris
36%
Keine übereinstimmenden Quizze gefunden
Verteilung der Resultate
Anzahl Personen mit jedem Resultat
Perzentil nach korrekt beantworteten Fragen
Ihre Resultats-Entwicklung
Sie haben dieses Quiz noch nicht gespielt